Movies Quiz

Random Movies or Actor Quiz

Sporcled Movie Quotes II Quiz Stats

 Plays Quiz Updated Jan 29, 2018

Challenge
Share
Tweet
Embed
Score 0/18 Timer 05:00
0 Plays Today
Sporclified Quotes Movies % Correct
Mama always said life was like a playlist. You never know what you're gonna get.Forrest Globe
92.6%
You're gonna need a bigger spacebar.Draws
88.7%
I played his quiz with some fava beans and a nice Chianti.The Silence of the Sporclers
86.7%
Nobody puts quizzes in a corner.Dirty Sporcling
86.4%
Frankly, my dear, I don't give a globe.Downvoted With the Wind
85.2%
Play it, Sam. Play 'Countries of the World'.Casasporcla
82.9%
Too hard quizzes are the path to the dark side. Hardness leads to frustration, frustration leads to single globes, single globes lead to suffering.Trivia Wars
79.2%
To boldly answer what no man has answered beforeTrivia Trek
70.9%
They may take our ratings, but they'll never take our postcount!Orangeheart
69.2%
Sporclified Quotes Movies % Correct
Seize the leaderboard, boys. Make your quizzes extraordinary.Dead Puzzlers' Society
64.9%
Walkthroughs? Where we're going, we don't need walkthroughs.Back to the Replay Button
62.7%
Gentlemen, you can't ask questions here! This is the quiz forum!Dr. Orangelove
59.3%
Do you play quizzes? Well I got a perfect score. How do you like them quizzes?Good Sporcle Hunting
53.6%
Those diversions really tied the quiz together.The Big Globowski
47.8%
Keep your friends close, but your Quizmasters closer.The Quizfather Part II
39.9%
I play your quiz! I play it up! There Will Be Badges
32.2%
Ivan. Crazy Ivan.Dr. Sporcle
17.8%
Well, here's another nice quiz you've gotten me into.Another Sporcle Quiz
14.7%

You're not logged in!

Compare scores with friends on all Sporcle quizzes.
OR
Log In

You Might Also Like...

Show Comments

Extras

Top Quizzes Today


Score Distribution

Your Account Isn't Verified!

In order to create a playlist on Sporcle, you need to verify the email address you used during registration. Go to your Sporcle Settings to finish the process.

Report this User

Report this user for behavior that violates our Community Guidelines.

Details: